| 000 -LEADER |
| fixed length control field |
00868nam a2200265 a 4500 |
| 001 - CONTROL NUMBER |
| control field |
15326 |
| 003 - CONTROL NUMBER IDENTIFIER |
| control field |
BD-DhUAP |
| 005 - DATE AND TIME OF LATEST TRANSACTION |
| control field |
20200212125813.0 |
| 008 - FIXED-LENGTH DATA ELEMENTS--GENERAL INFORMATION |
| fixed length control field |
200212r20102004ii l 001 0 eng d |
| 020 ## - INTERNATIONAL STANDARD BOOK NUMBER |
| International Standard Book Number |
9788180383830 |
| 040 ## - CATALOGING SOURCE |
| Original cataloging agency |
DLC |
| Transcribing agency |
DLC |
| Language of cataloging |
Eng |
| Modifying agency |
BD-DhUAP |
| 082 00 - DEWEY DECIMAL CLASSIFICATION NUMBER |
| Classification number |
347.5406 RAN |
| Edition number |
23 |
| 100 ## - MAIN ENTRY--PERSONAL NAME |
| Personal name |
Ranchhoddas, Ratanlal. |
| 245 10 - TITLE STATEMENT |
| Title |
The Law of Evidence : |
| Remainder of title |
act I of 1872 / |
| Statement of responsibility, etc. |
Ratanlal Ranchhoddas and Dhirajlal Keshavlal Thakore. |
| 250 ## - EDITION STATEMENT |
| Edition statement |
21st ed. |
| 260 ## - PUBLICATION, DISTRIBUTION, ETC. |
| Place of publication, distribution, etc. |
Nagpur : |
| Name of publisher, distributor, etc. |
Lexis Nexis Butterworths Wadhwa, |
| Date of publication, distribution, etc. |
c2004 [Reprinted 2010]. |
| 300 ## - PHYSICAL DESCRIPTION |
| Extent |
xcv, 892 pages ; |
| Dimensions |
22 cm. |
| 500 ## - GENERAL NOTE |
| General note |
Includes bibliographical references and index. |
| 610 10 - SUBJECT ADDED ENTRY--CORPORATE NAME |
| Corporate name or jurisdiction name as entry element |
India. |
| Title of a work |
Indian Evidence Act, 1872. |
| 650 #0 - SUBJECT ADDED ENTRY--TOPICAL TERM |
| Topical term or geographic name entry element |
Evidence (Law) |
| Geographic subdivision |
India. |
| 700 ## - ADDED ENTRY--PERSONAL NAME |
| Personal name |
Thakore, Dhirajlal Keshavlal. |
| 942 ## - ADDED ENTRY ELEMENTS (KOHA) |
| Source of classification or shelving scheme |
|
| Koha item type |
Book |